| 000 | 00874nam a22001577a 4500 | ||
|---|---|---|---|
| 005 | 20260123085739.0 | ||
| 008 | 230712b ||||| |||| 00| 0 eng d | ||
| 040 |
_cSSBUL _dSSBUL |
||
| 082 |
_223 _a၃၄၂.၅၉၁ နိုင် ၁၆၀၈၁ (S-SAT) |
||
| 245 | _aနိုင်ငံတော်ဖွဲ့စည်းပုံ အခြေခံဥပဒေရေးဆွဲရာတွင် အခြေခံရန်အမျိုးသားညီလာခံ.../ | ||
| 300 |
_a၂၃၅ စာမျက်နှာ၊ _c၂၄ စင်တီ။ |
||
| 500 | _aS-SAT: Dr. Prof Sai Aung Tun | ||
| 650 |
_aဖွဲ့စည်းပုံအခြေခံဥပဒေ _zမြန်မာနိုင်ငံ။ _927832 |
||
| 650 |
_aအမျိုးသားညီလာခံ _zမြန်မာနိုင်ငံ။ _927837 |
||
| 942 |
_2ddc _cBK1 |
||
| 999 |
_c27090 _d27090 |
||